000 00329 a2200157 4500
001 56714
020 _a8573195436
040 _cAnchieta - Pituba
100 _aAlmeida, Hugo
240 1 0 _aMeu nome é fogo
_lpor
245 1 0 _aMeu nome é fogo
300 _a40
362 0 _a2007
650 4 _aLiteratura juvenil
942 _cBK
999 _c56714
_d56714